000 00469pab a2200157 454500
008 180718b1999 xxu||||| |||| 00| 0 eng d
100 _aWilliams, Christine L.
245 _aSexuality in the workplace: organizational control, sexual harassment, and the pursuit of pleasure
260 _c1999
300 _ap.73-93
650 _aSexual abuse
700 _aDellinger, Kirsten
700 _aGiuffre, Patti A.
773 _aAnnual Review of Sociology
909 _a42766
999 _c42766
_d42766